00000000nam##2200000za#4500
0019.614094
003CaOODSP
00520200327132600
007ta
008150406|1997||||xxc|||||     f|0| 0 eng|d
020 |a0-662-26207-7
040 |aCaOODSP|beng
043 |an-cn---
0861 |aJS4-1/1997-4E
1101 |aCanada.|bSolicitor General Canada. |bSecretariat.
24514|aThe development of a brief actuarial risk scale for sexual offense recidivism / |cby R. Karl Hanson.
260 |aOttawa - Ontario : |bSolicitor General Canada. |c1997.
300 |a30p. : |btables ; |c28 cm.
4901 |aUser report|v1997-04
500 |a"The present study used data from seven different follow-up studies to develop a brief, actuarial risk scale, which was then replicated on an additional independent sample (total sample size of 2,592)."--Abstract.
504 |aBibliography.
5203 |aThe present study used data from seven different follow-up studies to develop a brief, actuarial risk scale, which was then replicated on an additional independent sample (total sample size of 2,592).--Abstract
563 |aRing binding
590 |a97-47|b1997-11-21
69007|aSexual offenses|2gcpds
830#0|aUser report ;|v1997-04|w(CaOODSP)9.514748